000 00604nam a2200217Ia 4500
003 OSt
005 20221007082216.0
006 a|||||r|||| 00| 0
007 ta
008 221006b |||||||| |||| 00| 0 eng d
024 _a26,966
037 _cReports / Technical Reports
040 _aFLL
_cFLL
_beng
041 _2eng
_aeng
082 _aZ1y7N52, J3.1
245 0 _aCase concerning rights of nationals of the United States of America in Morocco
260 _c1953
300 _a815p
_ccm.
942 _hZ1y7N52, J3.1
_cREP
_2CC
999 _c1165684
_d1165684